| 000 | 00702nam a2200229Ia 4500 | ||
|---|---|---|---|
| 005 | 20260101115122.0 | ||
| 008 | 241129s9999||||xx |||||||||||||| ||und|| | ||
| 020 | _a9781479802289 | ||
| 037 | _cGeneral Book | ||
| 040 |
_aRTL _beng _cRTL |
||
| 041 |
_aeng _2eng |
||
| 084 |
_aY:3(S5) R1 _qRTL |
||
| 245 | 0 | _aHetrosexual histories | |
| 260 |
_aNew York _bNew York University Press _c2021 |
||
| 300 |
_avi,418 p. _bIncludes bibliographical references and index. |
||
| 365 |
_aINR _b2889.43 |
||
| 650 |
_aSociology _9860909 |
||
| 700 |
_aDavis Rebecca L _eEditor _9860910 |
||
| 700 |
_a Mitchell Michele _eEditor _9860911 |
||
| 942 |
_cGB _hY:3(S5), R1 _2CC _n0 |
||
| 999 |
_c1224605 _d1224605 |
||